000 00741nam a2200265Ia 4500
005 20260121173136.0
008 008 260114s9999 xx 000 0 eng d
020 _a9783031035029
037 _aEBOOK
040 _aCRL
040 _beng
040 _cCRL
041 _2eng
041 _aeng
084 _qCRL
100 _aRoman Szewczyk, Cezary Zieli?ski, Ma?gorzata Kaliczy?ska
_91097172
245 0 _aAutomation 2022: New Solutions and Technologies for Automation, Robotics and Measurement Techniques
260 _bSpringer
260 _bSpringer
260 _c2022
856 _uhttps://link.springer.com/openurl?genre=book&isbn=978-3-031-03502-9
942 _cEBOOK
999 _c1662915
_d1662915